000 00827nam a22002657a 4500
001 0074
003 DO-SdBNP
005 20170914133545.0
007 0074
008 151001b xxu||||| |||| 00| 0 spa d
020 _a9789702214199
040 _aBPMSU
_bspa
_cBPMSU
082 4 _aR463
_bG216L
100 1 0 _aGarcía-Pelayo y Gross, Ramón
245 1 0 _aLarousse diccionario básico :
_blengua española /
_cRamón García-Pelayo y Gross
260 _aMéxico :
_bLarousse,
_c2010
300 _a663 p.:
_bil.;
_c18 cm.
500 _aNueva edición con láminas a color y guía didáctica de uso
500 _aLa biblioteca posee la 6ta. reimpresión
650 _aESPAÑOL
_vDICCIONARIOS
942 _2ddc
_cBK
945 _aInventariado / 2017 VM
956 _aBrenda Tavárez
956 _aValidado. Control de calidad MFF
999 _c8314
_d8314